| 000 | 02407nam0a2200481 4500 | ||
|---|---|---|---|
| 001 | RU\NLR\BIBL_A\011347101 | ||
| 005 | 20260407093002.0 | ||
| 021 |
_aRU _b2017-6062 _9431 |
||
| 029 | 1 | 0 |
_aRU _b33884-2016 _cГОСТ |
| 035 | _a(RuMoRGB)008780682 | ||
| 035 | _a(NLR Aleph) 011347101 | ||
| 090 |
_a11224230 _c11224230 |
||
| 100 | _a20170316d2017 k y0rusy50 ca | ||
| 101 | 0 | _arus | |
| 102 | _aRU | ||
| 105 | _ay l 000|y | ||
| 200 | 1 |
_aСвекла сахарная. _eтехнические условия _dSugar beet. Specifications _zeng _eГОСТ 33884-2016 _fразработан Федеральным государственным бюджетным научным учреждением " Российский научно-исследовательским институтом сахарной промышленности" (ФГБНУ "РНИИСП") |
|
| 205 | _aИзд. офиц. | ||
| 210 |
_aМосква _cСтандартинформ _d2017 |
||
| 215 |
_aIII, 7 c. _d29 |
||
| 225 | 1 |
_aМежгосударственный стандарт _fМежгосударственный совет по стандартизации, метрологии и сертификации |
|
| 239 | _aВвед. 01.07.2017 | ||
| 320 | _aБиблиогр.: с. 6 (2 назв.) | ||
| 510 | 1 |
_aSugar beet. Specifications _zeng |
|
| 517 | 1 | _aГОСТ 33884-2016 | |
| 606 |
_aСахарная свекла _jТехнические условия _91514535 _3RU\NLR\AUTH\66959718 |
||
| 610 | 0 | _aкорнеплоды | |
| 610 | 0 | _aтермины и определения | |
| 610 | 0 | _aорганолептические показатели | |
| 610 | 0 | _aфизико-химические показатели | |
| 610 | 0 | _aтребования безопасности | |
| 675 | _a633.63:006.354 | ||
| 686 |
_a67.080.20 _v2000 _2МКС |
||
| 686 |
_a97 2310 _2ОКП |
||
| 686 |
_a2 01.13.71.000 _2ОКПД |
||
| 686 |
_aС24 _2классификатор |
||
| 686 | 1 | _aЛ84-31я863 | |
| 712 | 0 | 2 |
_4900 _aРоссийский НИИ сахарной промышленности _cКурск _3RU\NLR\AUTH\8810030119 _9558805 |
| 712 | 0 | 2 |
_4725 _aМежгосударственный совет по стандартизации, метрологии и сертификации _3RU\NLR\AUTH\8823529 _9321571 |
| 942 | _cBOOK | ||
| 980 | _aNBR | ||